<?xml version="1.0" encoding="UTF-8"?>
<record
    xmlns:xsi="http://www.w3.org/2001/XMLSchema-instance"
    xsi:schemaLocation="http://www.loc.gov/MARC21/slim http://www.loc.gov/standards/marcxml/schema/MARC21slim.xsd"
    xmlns="http://www.loc.gov/MARC21/slim">

  <leader>00720nam a22001937a 4500</leader>
  <datafield tag="999" ind1=" " ind2=" ">
    <subfield code="c">182916</subfield>
    <subfield code="d">182916</subfield>
  </datafield>
  <controlfield tag="005">20211209154505.0</controlfield>
  <datafield tag="010" ind1=" " ind2=" ">
    <subfield code="a">HIN-121353</subfield>
  </datafield>
  <datafield tag="020" ind1=" " ind2=" ">
    <subfield code="a">978-81-265-7544-2</subfield>
    <subfield code="c">299.00</subfield>
  </datafield>
  <datafield tag="035" ind1=" " ind2=" ">
    <subfield code="a">HN-93699</subfield>
  </datafield>
  <datafield tag="037" ind1=" " ind2=" ">
    <subfield code="b">DBAD/PUB</subfield>
  </datafield>
  <datafield tag="082" ind1=" " ind2=" ">
    <subfield code="a">000</subfield>
    <subfield code="b">1</subfield>
  </datafield>
  <datafield tag="245" ind1=" " ind2=" ">
    <subfield code="a">IBPS CLERK &#x92A;&#x94D;&#x930;&#x93E;&#x930;&#x902;&#x92D;&#x93F;&#x915; &#x92A;&#x930;&#x940;&#x915;&#x94D;&#x937;&#x93E;:</subfield>
    <subfield code="b">&#x938;&#x93E;&#x932;&#x94D;&#x935;&#x94D;&#x921; &#x92A;&#x947;&#x92A;&#x930;&#x94D;&#x938; &#x90F;&#x935;&#x902; &#x92A;&#x94D;&#x930;&#x948;&#x915;&#x94D;&#x91F;&#x93F;&#x938; &#x91F;&#x947;&#x938;&#x94D;&#x91F;/</subfield>
  </datafield>
  <datafield tag="250" ind1=" " ind2=" ">
    <subfield code="a">2018</subfield>
  </datafield>
  <datafield tag="260" ind1=" " ind2=" ">
    <subfield code="a">&#x928;&#x908; &#x926;&#x93F;&#x932;&#x94D;&#x932;&#x940;</subfield>
    <subfield code="b">Wiley India Pvt. Ltd.</subfield>
    <subfield code="c">2018</subfield>
  </datafield>
  <datafield tag="270" ind1=" " ind2=" ">
    <subfield code="a"> 4436/7, Ansari Road, Daryaganj</subfield>
    <subfield code="b">&#x928;&#x908; &#x926;&#x93F;&#x932;&#x94D;&#x932;&#x940;</subfield>
    <subfield code="e">110002</subfield>
  </datafield>
  <datafield tag="300" ind1=" " ind2=" ">
    <subfield code="a">315&#x92A;&#x943;.</subfield>
    <subfield code="c">27(&#x905;&#x91C;&#x93F;&#x932;&#x94D;&#x926;)</subfield>
  </datafield>
  <datafield tag="700" ind1=" " ind2=" ">
    <subfield code="a"> </subfield>
  </datafield>
  <datafield tag="942" ind1=" " ind2=" ">
    <subfield code="2">ddc</subfield>
    <subfield code="c">HN</subfield>
    <subfield code="h">000</subfield>
    <subfield code="m">&#x92C;&#x948;&#x902;&#x915;&#x93F;&#x902;&#x917;</subfield>
  </datafield>
  <datafield tag="952" ind1=" " ind2=" ">
    <subfield code="0">0</subfield>
    <subfield code="1">0</subfield>
    <subfield code="4">0</subfield>
    <subfield code="7">0</subfield>
    <subfield code="8">NFIC</subfield>
    <subfield code="a">BN</subfield>
    <subfield code="b">BN</subfield>
    <subfield code="d">2021-12-09</subfield>
    <subfield code="e">DBAD/PUB</subfield>
    <subfield code="g">299.00</subfield>
    <subfield code="l">5</subfield>
    <subfield code="m">1</subfield>
    <subfield code="o">000 &#x92C;&#x948;&#x902;&#x915;&#x93F;&#x902;&#x917;</subfield>
    <subfield code="p">HN-93699</subfield>
    <subfield code="r">2024-05-28 00:00:00</subfield>
    <subfield code="s">2024-05-15</subfield>
    <subfield code="t">1</subfield>
    <subfield code="v">290.00</subfield>
    <subfield code="y">HN</subfield>
  </datafield>
</record>
